Sedjarah Arab sebelum Islam, (Record no. 88469)

MARC details
000 -LEADER
fixed length control field 00591cam a22002171 4500
001 - CONTROL NUMBER
control field sa 68018513
003 - CONTROL NUMBER IDENTIFIER
control field DLC
005 - DATE AND TIME OF LATEST TRANSACTION
control field 20260227112712.0
008 - FIXED-LENGTH DATA ELEMENTS--GENERAL INFORMATION
fixed length control field 770707s1965 io 000 0 ind
010 ## - LIBRARY OF CONGRESS CONTROL NUMBER
LC control number sa 68018513
035 ## - SYSTEM CONTROL NUMBER
System control number (OCoLC)3097543
040 ## - CATALOGING SOURCE
Original cataloging agency DLC
Transcribing agency OAU
Modifying agency DLC
042 ## - AUTHENTICATION CODE
Authentication code premarc
050 00 - LIBRARY OF CONGRESS CALL NUMBER
Classification number DS231
Item number .U45
100 1# - MAIN ENTRY--PERSONAL NAME
Personal name Umar, A. Muʼin.
245 10 - TITLE STATEMENT
Title Sedjarah Arab sebelum Islam,
Statement of responsibility, etc. oleh A. Mu'in Umar.
260 ## - PUBLICATION, DISTRIBUTION, ETC.
Place of publication, distribution, etc. Jogjakarta,
Name of publisher, distributor, etc. Stendik Biro Kemahasiswaan IAIN al-Djami'ah
Date of publication, distribution, etc. [1965]
300 ## - PHYSICAL DESCRIPTION
Extent 52 p.
Dimensions 20 cm.
500 ## - GENERAL NOTE
General note Cover title.
650 #0 - SUBJECT ADDED ENTRY--TOPICAL TERM
Topical term or geographic name entry element Arabs
General subdivision History.

No items available.

Powered by Koha